İstanbul'da 100 yaş üstü 40 insan hikayesi/ (Record no. 15121)

MARC details
000 -BAŞLIK
Sabit Uzunlukta Kontrol Alanı 00810nam a22002417a 4500
999 ## - SİSTEM KONTROL NUMARALARI (KOHA)
Koha Biblionumber 15121
Koha Biblioitemnumber 15121
003 - KONTROL NUMARASI IDENTIFIER
Denetim Alanı MIRAKIL
005 - SON İŞLEM TARİHİ VE ZAMANI
Denetim Alanı 20221226130107.0
008 - SABİT-BOY VERİ ELEMANLARI - GENEL BİLGİLER
Sabit Uzunlukta Kontrol Alanı 221226b tu ||||| |||| 00| 0 tur d
020 ## - ULUSLARARASI STANDART KİTAP NUMARASI
Uluslararası Standart Kitap Numarası 9786258049411
040 ## - KATALOGLAMA KAYNAK
Orijinal Kataloglama Ajansı TR-AnCHP
Metne Dönüştürmek Ajansı TR-AnCHP
041 ## - DİL KODU
Metin / Ses Parça Veya Ayrı Başlığın Dil Kodu tur
082 ## - DEWEY ONLU SINIFLANDIRMA NUMARASI
Sınıflandırma Numarası 305.26
Ürün Numarası İ77 2022
245 10 - BAŞLIK TABLOSU
Başlık İstanbul'da 100 yaş üstü 40 insan hikayesi/
Sorumluluk Tablosu, Vb Hazırlayanlar: Banu Tuna, Gonca Bilgiç, Haluk Kalafat.
260 ## - YAYIN, DAĞITIM, VB
Yayın, Dağıtım, Vb Yeri İstanbul:
Yayıncı, Dağıtıcı, Vs Adı İstanbul Büyükşehir Belediyesi,
Yayın, Dağıtım, Vb Tarihi 2022.
300 ## - FİZİKSEL TANIM
Kapsam 488 s.:
Diğer Fiziksel Ayrıntıları fotg.;
Boyutlar 26 sm.
504 ## - KAYNAKÇA VB NOT
Kaynakça Vb Notu Dizin vardır.
650 #0 - KONU KATMA GİRİŞ - TOPİKAL DÖNEM
9 (RLIN) 7287
Topikal Süreli Veya Coğrafi Ad Giriş Elemanı Yaşlılar
Genel Alt Bölümü Yaşamöyküsü
Coğrafi Alt Bölümü İstanbul(Türkiye)
700 ## - KATMA GİRİŞ - KİŞİSEL İSİM
9 (RLIN) 6583
Kişisel Ad Bozkurt, Ahmet
Relator Terim yay.yön.
700 ## - KATMA GİRİŞ - KİŞİSEL İSİM
9 (RLIN) 7288
Kişisel Ad Tuna, Banu
Relator Terim haz.
700 ## - KATMA GİRİŞ - KİŞİSEL İSİM
9 (RLIN) 7289
Kişisel Ad Bilgiç, Gonca
Relator Terim haz.
700 ## - KATMA GİRİŞ - KİŞİSEL İSİM
9 (RLIN) 7290
Kişisel Ad Kalafat, Haluk
Relator Terim haz.
942 ## - EKLENDİ GİRİŞ ELEMANLARI (KOHA)
Sınıflandırma Veya Raf Düzeni Kaynak Dewey Decimal Classification
Koha Öğesi Türü Books
Holdings
Kalıcı Konum Mevcut Konum Edinme Tarihi Toplam Check-Out'Lar Tam Çağrı Numarası Barkod Tarih Son Görülme İtibaren Geçerli Fiyatlar Koha Öğesi Türü
CHP Kütüphanesi CHP Kütüphanesi 12/26/2022   305.26 İ77 2022 020687 12/26/2022 12/26/2022 Books